Tribhuvan University Central Library

Functions of one complex variables (Record no. 23748)

MARC details
000 -LEADER
fixed length control field 007470000a22002770004500
008 - FIXED-LENGTH DATA ELEMENTS--GENERAL INFORMATION
fixed length control field 160303b xxu||||| |||| 00| 0 eng d
020 ## - INTERNATIONAL STANDARD BOOK NUMBER
International Standard Book Number 81-85015-37-6
041 ## - LANGUAGE CODE
Language code of text/sound track or separate title Eng
082 ## - DEWEY DECIMAL CLASSIFICATION NUMBER
Classification number 517.8
Item number C769f
100 ## - MAIN ENTRY--PERSONAL NAME
Personal name Conway, John B.
245 ## - TITLE STATEMENT
Title Functions of one complex variables
250 ## - EDITION STATEMENT
Edition statement 2nd edn.
260 ## - PUBLICATION, DISTRIBUTION, ETC.
Place of publication, distribution, etc. New Delhi
Name of publisher, distributor, etc. Narosa Publishing House, India
260 ## - PUBLICATION, DISTRIBUTION, ETC.
Date of publication, distribution, etc. 1980
300 ## - PHYSICAL DESCRIPTION
Extent xiii, 316p.
Other physical details illus.
500 ## - GENERAL NOTE
General note Bibliography: p. 311-312
650 ## - SUBJECT ADDED ENTRY--TOPICAL TERM
Topical term or geographic name entry element Functions of complex veriables
650 ## - SUBJECT ADDED ENTRY--TOPICAL TERM
Topical term or geographic name entry element Calculus
650 ## - SUBJECT ADDED ENTRY--TOPICAL TERM
Topical term or geographic name entry element Mathematics
650 ## - SUBJECT ADDED ENTRY--TOPICAL TERM
Topical term or geographic name entry element Functional analysis
650 ## - SUBJECT ADDED ENTRY--TOPICAL TERM
Topical term or geographic name entry element Predicated calculus
650 ## - SUBJECT ADDED ENTRY--TOPICAL TERM
Topical term or geographic name entry element Numbering systems
9 (RLIN) 7618
650 ## - SUBJECT ADDED ENTRY--TOPICAL TERM
Topical term or geographic name entry element Topology
650 ## - SUBJECT ADDED ENTRY--TOPICAL TERM
Topical term or geographic name entry element Complex variables
942 ## - ADDED ENTRY ELEMENTS (KOHA)
Koha item type General Collections
Source of classification or shelving scheme Dewey Decimal Classification
Holdings
Withdrawn status Lost status Source of classification or shelving scheme Damaged status Not for loan Home library Current library Date acquired Total Checkouts Full call number Barcode Date last seen Price effective from Koha item type Shelving location Total Renewals Date last checked out Date due
    Dewey Decimal Classification     Tribhuvan University Central Library Tribhuvan University Central Library 06/20/2010   517.8 C769f 111490 06/20/2010 06/20/2010 General Collections        
    Dewey Decimal Classification     Tribhuvan University Central Library Tribhuvan University Central Library 06/20/2010   517.8 C769f G53050 06/20/2010 06/20/2010 General Collections        
    Dewey Decimal Classification     Tribhuvan University Central Library Tribhuvan University Central Library 06/20/2010   517.8 C769f G53051 06/20/2010 06/20/2010 General Collections        
    Dewey Decimal Classification     Tribhuvan University Central Library Tribhuvan University Central Library 06/20/2010   517.8 C769f G53052 06/20/2010 06/20/2010 General Collections        
    Dewey Decimal Classification     Tribhuvan University Central Library Tribhuvan University Central Library 06/20/2010   517.8 C769f G53053 06/20/2010 06/20/2010 General Collections        
    Dewey Decimal Classification     Tribhuvan University Central Library Tribhuvan University Central Library 06/20/2010   517.8 C769f G53054 06/20/2010 06/20/2010 General Collections        
    Dewey Decimal Classification     Tribhuvan University Central Library Tribhuvan University Central Library 06/20/2010 2 517.8 C769f 127837 07/26/2016 06/20/2010 General Collections New Building 4 03/14/2016  
    Dewey Decimal Classification     Tribhuvan University Central Library Tribhuvan University Central Library 01/27/2014 5 517.8 C769f 147773 04/21/2022 01/27/2014 General Collections New Building 12 02/21/2022  
    Dewey Decimal Classification     Tribhuvan University Central Library Tribhuvan University Central Library 06/11/2014   517.8 C769f 122095 06/11/2014 06/11/2014 General Collections        
    Dewey Decimal Classification     Tribhuvan University Central Library Tribhuvan University Central Library 07/09/2014 1 517.8 C769f 70553 12/14/2021 07/09/2014 General Collections     12/08/2021  
    Dewey Decimal Classification     Tribhuvan University Central Library Tribhuvan University Central Library 07/17/2014 2 517.8 C769f G53760 09/05/2016 07/17/2014 General Collections   8 03/14/2016  
    Dewey Decimal Classification     Tribhuvan University Central Library Tribhuvan University Central Library 07/28/2014 2 517.8 C769f G53758 03/31/2016 07/28/2014 General Collections   2 03/14/2016  
    Dewey Decimal Classification     Tribhuvan University Central Library Tribhuvan University Central Library 02/22/2016 3 517.8 C769f G53759 05/19/2022 02/22/2016 General Collections   7 03/20/2022  
    Dewey Decimal Classification     Tribhuvan University Central Library Tribhuvan University Central Library 07/04/2017 2 517.8/C769f 156324 05/30/2022 07/04/2017 General Collections New Building 3 12/16/2021  
    Dewey Decimal Classification     Tribhuvan University Central Library Tribhuvan University Central Library 07/04/2017 3 517.8/ C769f 156325 11/21/2024 07/04/2017 General Collections New Building 3 10/02/2024  
    Dewey Decimal Classification     Tribhuvan University Central Library Tribhuvan University Central Library 07/27/2018 5 517.8 C769f 151419 09/26/2024 07/27/2018 General Collections   8 09/26/2024 07/29/2025